000 00548nam a22001937a 4500
003 KOHA_MİRAKIL
005 20251116155158.0
008 251116b tu ||||| |||| 00| 0 tur d
020 _a9786052986769
040 _aTR-AnABB
_btur
_cTR-AnABB
041 _atur
082 _a833.912
_bKAF 2020
100 1 _aKafka, Franz,
245 1 0 _aBir köpeğin araştırmaları /
_cFranz Kafka
260 _aİstanbul :
_bKırmızı Kedi Yayınları,
_c2020
300 _a52 sayfa ;
_c21 cm
650 0 4 _aAlman edebiyatı, roman
942 _2ddc
_cBK
999 _c9446
_d9446
900 _bGizem YORULMAZ